Principles and methodology of integrated categorisation of water bodies and wetlands demonstrated on backwaters

Elmentve itt :
Bibliográfiai részletek
Szerzők: Gőri Sz
Aradi Cs
Dévai Gy
Nagy S.
Dokumentumtípus: Könyv része
Megjelent: 2000
Sorozat:Tiscia monograph series
Ecology of river valleys
Kulcsszavak:Folyóvölgyek - Kárpát-medence - ökológia
Tárgyszavak:
Online Access:http://acta.bibl.u-szeged.hu/10235
LEADER 00953naa a2200265 i 4500
001 acta10235
005 20220307113855.0
008 161015s2000 hu o 0|| eng d
022 |a 1418-0448 
040 |a SZTE Egyetemi Kiadványok Repozitórium  |b hun 
041 |a eng 
100 1 |a Gőri Sz. 
245 1 0 |a Principles and methodology of integrated categorisation of water bodies and wetlands demonstrated on backwaters  |h [elektronikus dokumentum] /  |c  Gőri Sz. 
260 |c 2000 
300 |a 91-97 
490 0 |a Tiscia monograph series 
490 0 |a Ecology of river valleys 
650 4 |a Természettudományok 
650 4 |a Föld- és kapcsolódó környezettudományok 
650 4 |a Biológiai tudományok 
695 |a Folyóvölgyek - Kárpát-medence - ökológia 
700 0 1 |a Aradi Cs.  |e aut 
700 0 1 |a Dévai Gy.  |e aut 
700 0 1 |a Nagy S.  |e aut 
856 4 0 |u http://acta.bibl.u-szeged.hu/10235/1/tiscia_mono_005_091-097.pdf  |z Dokumentum-elérés